<?xml version="1.0" encoding="UTF-8"?>
<record
    xmlns:xsi="http://www.w3.org/2001/XMLSchema-instance"
    xsi:schemaLocation="http://www.loc.gov/MARC21/slim http://www.loc.gov/standards/marcxml/schema/MARC21slim.xsd"
    xmlns="http://www.loc.gov/MARC21/slim">

  <leader>00912nam a2200253Ia 4500</leader>
  <controlfield tag="008">191130s1992##################000#0#eng##</controlfield>
  <datafield tag="020" ind1=" " ind2=" ">
    <subfield code="a">0691073953 (v. 1 : alk. paper)</subfield>
  </datafield>
  <datafield tag="022" ind1=" " ind2=" ">
    <subfield code="a">91004093</subfield>
  </datafield>
  <datafield tag="040" ind1=" " ind2=" ">
    <subfield code="a">ACL</subfield>
    <subfield code="c">ACL</subfield>
  </datafield>
  <datafield tag="082" ind1=" " ind2=" ">
    <subfield code="a">201 HON</subfield>
  </datafield>
  <datafield tag="100" ind1=" " ind2=" ">
    <subfield code="a">Kierkegaard, S&#xF8;ren</subfield>
  </datafield>
  <datafield tag="245" ind1=" " ind2=" ">
    <subfield code="a">Concluding unscientific postscript to philosophical fragments</subfield>
    <subfield code="c">by S&#xF8;ren Kierkegaard ; edited and translated with introduction and notes by Howard V. Hong and Edna H. Hong</subfield>
  </datafield>
  <datafield tag="260" ind1=" " ind2=" ">
    <subfield code="a">Princeton</subfield>
    <subfield code="b">Princeton University Press</subfield>
    <subfield code="c">1992</subfield>
  </datafield>
  <datafield tag="300" ind1=" " ind2=" ">
    <subfield code="a">2 v. ; 22 cm</subfield>
  </datafield>
  <datafield tag="500" ind1=" " ind2=" ">
    <subfield code="a">Translation of: Afsluttende uvidenskabelig efterskrift. Includes bibliographical references</subfield>
  </datafield>
  <datafield tag="650" ind1=" " ind2=" ">
    <subfield code="a">Apologetics</subfield>
  </datafield>
  <datafield tag="650" ind1=" " ind2=" ">
    <subfield code="a">Christianity - Philosophy</subfield>
  </datafield>
  <datafield tag="700" ind1=" " ind2=" ">
    <subfield code="a">Hong, Edna H</subfield>
  </datafield>
  <datafield tag="700" ind1=" " ind2=" ">
    <subfield code="a">Hong, Howard V</subfield>
  </datafield>
  <datafield tag="700" ind1=" " ind2=" ">
    <subfield code="a">Kierkegaard, S&#xF8;ren</subfield>
  </datafield>
  <datafield tag="990" ind1=" " ind2=" ">
    <subfield code="a">fe942b73ac10000c24fb6e39d3deb018</subfield>
  </datafield>
  <datafield tag="991" ind1=" " ind2=" ">
    <subfield code="a">74111</subfield>
  </datafield>
  <datafield tag="999" ind1=" " ind2=" ">
    <subfield code="c">252837</subfield>
    <subfield code="d">252837</subfield>
  </datafield>
  <datafield tag="952" ind1=" " ind2=" ">
    <subfield code="0">0</subfield>
    <subfield code="1">0</subfield>
    <subfield code="4">0</subfield>
    <subfield code="7">0</subfield>
    <subfield code="a">ACL</subfield>
    <subfield code="b">ACL</subfield>
    <subfield code="c">3B</subfield>
    <subfield code="d">2020-10-13</subfield>
    <subfield code="l">0</subfield>
    <subfield code="o">201 HON</subfield>
    <subfield code="p">166599</subfield>
    <subfield code="r">2020-10-13 00:00:00</subfield>
    <subfield code="v">2927.00</subfield>
    <subfield code="w">2020-10-13</subfield>
    <subfield code="y">REF</subfield>
  </datafield>
</record>
